MARC details
| 000 -LEADER |
| fixed length control field |
01877cam a22005417i 4500 |
| 001 - CONTROL NUMBER |
| control field |
18970567 |
| 003 - CONTROL NUMBER IDENTIFIER |
| control field |
SISC |
| 005 - DATE AND TIME OF LATEST TRANSACTION |
| control field |
20170508165748.0 |
| 008 - FIXED-LENGTH DATA ELEMENTS--GENERAL INFORMATION |
| fixed length control field |
160210t20162016caua b 001 0 eng |
| 010 ## - LIBRARY OF CONGRESS CONTROL NUMBER |
| LC control number |
2016933144 |
| 016 7# - NATIONAL BIBLIOGRAPHIC AGENCY CONTROL NUMBER |
| Record control number |
101686471 |
| Source |
DNLM |
| 020 ## - INTERNATIONAL STANDARD BOOK NUMBER |
| International Standard Book Number |
9781473906594 |
| 020 ## - INTERNATIONAL STANDARD BOOK NUMBER |
| International Standard Book Number |
1473906598 |
| 020 ## - INTERNATIONAL STANDARD BOOK NUMBER |
| International Standard Book Number |
9781473906600 |
| 020 ## - INTERNATIONAL STANDARD BOOK NUMBER |
| International Standard Book Number |
1473906601 |
| 035 ## - SYSTEM CONTROL NUMBER |
| System control number |
(OCoLC)ocn931644280 |
| 040 ## - CATALOGING SOURCE |
| Original cataloging agency |
NLM |
| Language of cataloging |
eng |
| Transcribing agency |
NLM |
| Description conventions |
rda |
| Modifying agency |
BTCTA |
| -- |
BDX |
| -- |
UKUOY |
| -- |
YDXCP |
| -- |
OCLCF |
| -- |
UAB |
| -- |
WVU |
| -- |
YDX |
| -- |
DLC |
| 042 ## - AUTHENTICATION CODE |
| Authentication code |
nlmcopyc |
| -- |
lccopycat |
| 050 00 - LIBRARY OF CONGRESS CALL NUMBER |
| Classification number |
RM 300 |
| Item number |
.As75 2016 |
| 060 00 - NATIONAL LIBRARY OF MEDICINE CALL NUMBER |
| Classification number |
2016 F-453 |
| 060 10 - NATIONAL LIBRARY OF MEDICINE CALL NUMBER |
| Classification number |
QZ 140 |
| 082 04 - DEWEY DECIMAL CLASSIFICATION NUMBER |
| Classification number |
616.07 |
| 100 1# - MAIN ENTRY--PERSONAL NAME |
| Personal name |
Ashelford, Sarah, |
| Relator term |
author. |
| 245 10 - TITLE STATEMENT |
| Title |
Pathophysiology & pharmacology for nursing students / |
| Statement of responsibility, etc |
Sarah Ashelford, Justine Raynsford, Vanessa Taylor. |
| 246 3# - VARYING FORM OF TITLE |
| Title proper/short title |
Pathophysiology and pharmacology for nursing students |
| 260 ## - PUBLICATION, DISTRIBUTION, ETC. (IMPRINT) |
| Place of publication, distribution, etc |
UK : |
| Name of publisher, distributor, etc |
SAGE, |
| Date of publication, distribution, etc |
2016. |
| 300 ## - PHYSICAL DESCRIPTION |
| Extent |
x, 329 pages : |
| Other physical details |
illustrations ; |
| Dimensions |
25 cm. |
| 490 1# - SERIES STATEMENT |
| Series statement |
Transforming nursing practice |
| 500 ## - GENERAL NOTE |
| General note |
"Meeting the NMC standards and essentials skills clusters"--Cover. |
| 500 ## - GENERAL NOTE |
| General note |
Includes bibliographical references and index. |
| 650 #0 - SUBJECT ADDED ENTRY--TOPICAL TERM |
| Topical term or geographic name as entry element |
Pharmacology. |
| 650 #0 - SUBJECT ADDED ENTRY--TOPICAL TERM |
| Topical term or geographic name as entry element |
Physiology, Pathological. |
| 650 #0 - SUBJECT ADDED ENTRY--TOPICAL TERM |
| Topical term or geographic name as entry element |
Nursing. |
| 650 12 - SUBJECT ADDED ENTRY--TOPICAL TERM |
| Topical term or geographic name as entry element |
Pathologic Processes |
| General subdivision |
physiopathology |
| 650 12 - SUBJECT ADDED ENTRY--TOPICAL TERM |
| Topical term or geographic name as entry element |
Pharmacology |
| 650 22 - SUBJECT ADDED ENTRY--TOPICAL TERM |
| Topical term or geographic name as entry element |
Drug Therapy |
| 650 #7 - SUBJECT ADDED ENTRY--TOPICAL TERM |
| Topical term or geographic name as entry element |
Nursing. |
| Source of heading or term |
fast |
| 650 #7 - SUBJECT ADDED ENTRY--TOPICAL TERM |
| Topical term or geographic name as entry element |
Pharmacology. |
| Source of heading or term |
fast |
| 650 #7 - SUBJECT ADDED ENTRY--TOPICAL TERM |
| Topical term or geographic name as entry element |
Physiology, Pathological. |
| Source of heading or term |
fast |
| 655 #2 - INDEX TERM--GENRE/FORM |
| Genre/form data or focus term |
Nurses' Instruction |
| 700 1# - ADDED ENTRY--PERSONAL NAME |
| Personal name |
Raynsford, Justine, |
| Relator term |
author. |
| 700 1# - ADDED ENTRY--PERSONAL NAME |
| Personal name |
Taylor, Vanessa |
| Fuller form of name |
(Vanessa Alison), |
| Relator term |
author. |
| 830 #0 - SERIES ADDED ENTRY--UNIFORM TITLE |
| Uniform title |
Transforming nursing practice. |
| 906 ## - LOCAL DATA ELEMENT F, LDF (RLIN) |
| a |
7 |
| b |
cbc |
| c |
copycat |
| d |
2 |
| e |
epcn |
| f |
20 |
| g |
y-gencatlg |
| 942 ## - ADDED ENTRY ELEMENTS (KOHA) |
| Source of classification or shelving scheme |
Library of Congress Classification |
| Koha item type |
Books |